20 Countries With the Least Wikipedia Links - Statistics

General Stats
  • This quiz has been taken 126 times
  • The average score is 13 of 20
Answer Stats
Country Links % Correct
Nauru 5,261
86%
Palau 8,387
84%
Tuvalu 6,399
84%
F.S. Micronesia 5,782
78%
Marshall Islands 8,510
75%
Saint Lucia 8,891
75%
Kiribati 6,151
73%
Comoros 7,541
71%
Saint Kitts & Nevis 7,160
71%
Sao Tome 6,484
71%
Saint Vincent & the Grenadines 7,382
70%
Seychelles 9,963
63%
Lesotho 9,454
60%
Eswatini 9,244
59%
Dominica 8,179
53%
Equatorial Guinea 8,729
50%
San Marino 9,704
50%
Guinea-Bissau 8,466
45%
Djibouti 7,974
43%
South Sudan 9,323
27%
No matching quizzes found
Score Distribution
Percent of People with Each Score
Percentile by Number Answered
Your Score History
You have not taken this quiz